Tanzania law reports 2014 (Record no. 6716)

MARC details
005 - DATE AND TIME OF LATEST TRANSACTION
control field 20250714174913.0
020 ## - INTERNATIONAL STANDARD BOOK NUMBER
International Standard Book Number 978-9912-9876-7-8
082 ## - DEWEY DECIMAL CLASSIFICATION NUMBER
Classification number 348.42 TAN
245 ## - TITLE STATEMENT
Title Tanzania law reports 2014
260 ## - PUBLICATION, DISTRIBUTION, ETC.
Place of publication, distribution, etc. Dar es Salaam,
Name of publisher, distributor, etc. Martisayi Solutions Limited,
Date of publication, distribution, etc. 2014.
300 ## - PHYSICAL DESCRIPTION
Extent lii, 640.;
Other physical details References,
Dimensions 23cm.
700 ## - ADDED ENTRY--PERSONAL NAME
Other authors/Editors MTAKI, C. K. & MAKARAMBA, R. V. & NDITI, N. N. N. & MWIMALI, B. J.
856 ## - ELECTRONIC LOCATION AND ACCESS
Link text Access online book
Electronic name Tanzania law reports 2014
Path www.martisayi.co.tz
942 ## - ADDED ENTRY ELEMENTS (KOHA)
Source of classification or shelving scheme Dewey Decimal Classification
Koha item type Books
Holdings
Date last seen Total checkouts Full call number Barcode Cost, replacement price Price effective from Koha item type Lost status Source of classification or shelving scheme Damaged status Not for loan Withdrawn status Home library Current library Shelving location Date acquired Cost, normal purchase price
07/14/2025   348.42 TAN 00000013796 150000.00 07/14/2025 Books   Dewey Decimal Classification       College of Business Education Main Library College of Business Education Main Library General Collection 07/14/2025 50000.00